header

Oxidative stress in aquatic ecosystems (Record no. 224719)

MARC details
000 -LEADER
fixed length control field 01353nam a2200361Ia 4500
082 04 - DEWEY DECIMAL CLASSIFICATION NUMBER
Classification number 577.6/14
245 00 - TITLE STATEMENT
Title Oxidative stress in aquatic ecosystems
260 ## - PUBLICATION, DISTRIBUTION, ETC. (IMPRINT)
Place of publication Hoboken, NJ :
Name of publisher Wiley-Blackwell,
Year of publication c2012.
300 ## - PHYSICAL DESCRIPTION
Number of Pages xxi, 524 p. :
Other physical details ill.
500 ## - GENERAL NOTE
General note Includes index.
650 #0 - SUBJECT ADDED ENTRY--TOPICAL TERM
Topical Term Aquatic ecology.
Topical Term Aquatic biodiversity.
Topical Term Oxidative stress.
Topical Term Oxidation, Physiological.
700 1# - ADDED ENTRY--PERSONAL NAME
Personal name Abele, Doris.
Personal name Vazquez-Medina, Jose Pablo.
Personal name Zenteno-Savin, Tania.
856 40 - ELECTRONIC LOCATION AND ACCESS
Uniform Resource Identifier http://site.ebrary.com/lib/rucke/Doc?id=10515852

No items available.

© 2026 Rongo University
Contact us: librarian | system librarian | Rongo university